<?xml version="1.0" encoding="UTF-8"?><?xml-stylesheet type="text/xsl" href="static/style.xsl"?><OAI-PMH xmlns="http://www.openarchives.org/OAI/2.0/" xmlns:xsi="http://www.w3.org/2001/XMLSchema-instance" xsi:schemaLocation="http://www.openarchives.org/OAI/2.0/ http://www.openarchives.org/OAI/2.0/OAI-PMH.xsd"><responseDate>2026-06-05T14:41:45Z</responseDate><request verb="GetRecord" identifier="oai:riuma.uma.es:10630/30479" metadataPrefix="marc">https://riuma.uma.es/rest/oai/request</request><GetRecord><record><header><identifier>oai:riuma.uma.es:10630/30479</identifier><datestamp>2026-02-03T11:23:36Z</datestamp><setSpec>com_10630_2254</setSpec><setSpec>col_10630_37953</setSpec></header><metadata><record xmlns="http://www.loc.gov/MARC21/slim" xmlns:dcterms="http://purl.org/dc/terms/" xmlns:doc="http://www.lyncode.com/xoai" xmlns:xsi="http://www.w3.org/2001/XMLSchema-instance" xsi:schemaLocation="http://www.loc.gov/MARC21/slim http://www.loc.gov/standards/marcxml/schema/MARC21slim.xsd">
   <leader>00925njm 22002777a 4500</leader>
   <datafield ind2=" " ind1=" " tag="042">
      <subfield code="a">dc</subfield>
   </datafield>
   <datafield ind2=" " ind1=" " tag="720">
      <subfield code="a">Fernández-Paradas, Mercedes</subfield>
      <subfield code="e">author</subfield>
   </datafield>
   <datafield ind2=" " ind1=" " tag="720">
      <subfield code="a">Martínez López, Alberte</subfield>
      <subfield code="e">author</subfield>
   </datafield>
   <datafield ind2=" " ind1=" " tag="720">
      <subfield code="a">Mirás Araujo, Jesús</subfield>
      <subfield code="e">author</subfield>
   </datafield>
   <datafield ind2=" " ind1=" " tag="260">
      <subfield code="c">2021-06-15</subfield>
   </datafield>
   <datafield ind2=" " ind1=" " tag="520">
      <subfield code="a">El artículo analiza, en perspectiva comparada, la evolución energética de las ciudades en dos regiones agrarias españolas. Aunque hubo experiencias precoces, la difusión del gas se produjo en ambos casos con cierto retraso, con fuerte protagonismo de compañías extranjeras. El mercado resultaba más atractivo en Andalucía debido a su mayor grado de urbanización y renta. Durante el primer tercio del siglo xx destacaron dos procesos de gran relevancia: el impacto negativo que la Primera Guerra Mundial tuvo sobre la actividad gasista y la concentración y españolización empresarial del sector energético. &#xd;
The article analyses, in comparative perspective, the evolution of municipal energy in two Spanish agrarian regions. Despite the existence of some early initiatives, the diffusion of gas occurred comparatively late in these two regions. Foreign companies played a leading role. Andalusia was a more attractive market than Galicia due to its higher degree of urbanization and income. During the first third of the twentieth century, two consequential processes took place. First, World War I had a negative impact on the use of gas. Second, the en¬ergy sector under the control of Spanish companies was highly con¬centrated.</subfield>
   </datafield>
   <datafield ind1="8" ind2=" " tag="024">
      <subfield code="a">Fernández-Paradas, M., Martínez-López, A., &amp; Mirás Araujo, J. (2021). La energía en las ciudades andaluzas y gallegas: del monopolio del gas a la competencia de la electricidad (1845-1935). Ayer. Revista De Historia Contemporánea, 122(2), 99–128. https://doi.org/10.55509/ayer/122-2021-05</subfield>
   </datafield>
   <datafield ind1="8" ind2=" " tag="024">
      <subfield code="a">https://hdl.handle.net/10630/30479</subfield>
   </datafield>
   <datafield ind1="8" ind2=" " tag="024">
      <subfield code="a">10.55509/ayer/122-2021-05</subfield>
   </datafield>
   <datafield tag="653" ind2=" " ind1=" ">
      <subfield code="a">Empresas eléctricas</subfield>
   </datafield>
   <datafield tag="653" ind2=" " ind1=" ">
      <subfield code="a">Gas - Industria</subfield>
   </datafield>
   <datafield tag="653" ind2=" " ind1=" ">
      <subfield code="a">Galicia - Historia - 1845-1935</subfield>
   </datafield>
   <datafield tag="653" ind2=" " ind1=" ">
      <subfield code="a">Andalucía - Historia - 1845-1935</subfield>
   </datafield>
   <datafield ind2="0" ind1="0" tag="245">
      <subfield code="a">La energía en las ciudades andaluzas y gallegas: del monopolio del gas a la competencia de la electricidad (1845-1935).</subfield>
   </datafield>
</record>
</metadata></record></GetRecord></OAI-PMH>